[Event "TUR-chT"]
[Site "Denizli"]
[Date "2013.07.08"]
[Round "11.5"]
[White "Sirin, Atakan"]
[Black "Yurtseven, Can"]
[Result "1/2-1/2"]
[WhiteElo "2249"]
[BlackElo "2299"]
[PlyCount "82"]
[EventDate "2013.06.29"]
[EventType "team-tourn"]
[EventRounds "13"]
[EventCountry "TUR"]
[SourceTitle "CBM 155 Extra"]
[Source "ChessBase"]
[SourceDate "2013.08.26"]
[SourceVersion "1"]
[SourceVersionDate "2013.08.26"]
[SourceQuality "1"]
[WhiteTeam "Alyans Satranc"]
[BlackTeam "Pera Spor"]
[WhiteTeamCountry "TUR"]
[BlackTeamCountry "TUR"]

1. d4 g6 2. e4 d6 3. Nc3 Bg7 4. f4 Nf6 5. Nf3 0-0 6. Bd3 Na6 7. 0-0 c5 8. d5 Bg4 9. Qe1 Nb4 10. a3 Nxd3 11. cxd3 Bxf3 12. Rxf3 e6 13. f5 Ng4 14. Qg3 Ne5 15. Rf1 c4 16. dxc4 exf5 17. exf5 Rc8 18. c5 Rxc5 19. Bg5 f6 20. Be3 Rc4 21. h3 a6 22. Rad1 Qd7 23. Bd4 gxf5 24. Ne2 Kh8 25. Nf4 Bh6 26. Ne6 Rg8 27. Qb3 Qc8 28. Rxf5 Rc2 29. Rf2 Rxf2 30. Kxf2 b5 31. Rf1 Qe8 32. Bxe5 fxe5 33. Kg1 Qg6 34. Qf3 Bg7 35. Qf7 Qg3 36. Nxg7 Qxg7 37. Qf6 Qxf6 38. Rxf6 Rg6 39. Rf7 Rg7 40. Rf8+ Rg8 41. Rf7 Rg7 1/2-1/2

[Event "TUR-chT"]
[Site "Denizli"]
[Date "2013.07.04"]
[Round "7.6"]
[White "Miyak, Burak"]
[Black "Sirin, Atakan"]
[Result "0-1"]
[WhiteElo "2109"]
[BlackElo "2249"]
[PlyCount "102"]
[EventDate "2013.06.29"]
[EventType "team-tourn"]
[EventRounds "13"]
[EventCountry "TUR"]
[SourceTitle "CBM 155 Extra"]
[Source "ChessBase"]
[SourceDate "2013.08.26"]
[SourceVersion "1"]
[SourceVersionDate "2013.08.26"]
[SourceQuality "1"]
[WhiteTeam "Tarsus Zeka"]
[BlackTeam "Alyans Satranc"]
[WhiteTeamCountry "TUR"]
[BlackTeamCountry "TUR"]

1. d4 d5 2. c4 e6 3. Nf3 Nf6 4. Nc3 c6 5. e3 Nbd7 6. Bd3 dxc4 7. Bxc4 b5 8. Bd3 Bd6 9. 0-0 0-0 10. e4 e5 11. Bg5 exd4 12. Ne2 c5 13. Bxb5 Qb6 14. Bxd7 Nxd7 15. b3 Re8 16. Nd2 Ba6 17. Re1 Qb8 18. Bh4 Bxh2+ 19. Kh1 Be5 20. Ng3 Bf6 21. Nf3 Qd8 22. Bxf6 Qxf6 23. Rc1 Rad8 24. Kg1 d3 25. Qd2 g6 26. Qa5 Qb6 27. Qc3 Rc8 28. Qd2 c4 29. bxc4 Rxc4 30. Rb1 Qd6 31. Qh6 Qf8 32. Qg5 Rc2 33. Qa5 Qc5 34. Qxc5 Nxc5 35. Rec1 Rc8 36. Rd1 Rxa2 37. e5 Kg7 38. Rbc1 Rc2 39. Ra1 Rd8 40. Nf1 Rb2 41. N1d2 Rd7 42. Rdc1 Rc2 43. Rcb1 Bb7 44. Rxa7 Bxf3 45. Rxd7 Nxd7 46. Nxf3 d2 47. Kh2 Nxe5 48. Rd1 Nxf3+ 49. gxf3 Kf6 50. f4 Kf5 51. Kg3 Ke4 0-1

[Event "TUR-chT"]
[Site "Konya"]
[Date "2012.07.22"]
[Round "13"]
[White "Sirin, Atakan"]
[Black "Yeke, Serkan"]
[Result "1-0"]
[WhiteElo "2255"]
[BlackElo "2274"]
[PlyCount "113"]
[EventDate "2012.07.11"]
[EventType "team-tourn"]
[EventRounds "13"]
[EventCountry "TUR"]
[SourceTitle "CBM 149 Extra"]
[Source "ChessBase"]
[SourceDate "2012.08.24"]
[SourceVersion "1"]
[SourceVersionDate "2012.08.24"]
[SourceQuality "1"]
[WhiteTeam "Manisa TS Alyans"]
[BlackTeam "Ankara Gazi"]
[WhiteTeamCountry "TUR"]
[BlackTeamCountry "TUR"]

1. d4 d5 2. Nc3 Nf6 3. Bg5 Nbd7 4. Qd3 Nb8 5. Qd1 Nbd7 6. Qd3 e6 7. e4 dxe4 8. Nxe4 Be7 9. Nxf6+ Bxf6 10. Bxf6 Qxf6 11. Nf3 c5 12. 0-0-0 cxd4 13. Qxd4 Qxd4 14. Nxd4 Nf6 15. Bb5+ Ke7 16. Rhe1 g6 17. Be2 Bd7 18. Bf3 Rab8 19. Rd3 Rhc8 20. Ra3 a6 21. Ra5 Ne8 22. b3 Rc7 23. Kb2 Rbc8 24. a4 Nd6 25. Rae5 b5 26. a5 Nf5 27. Nxf5+ gxf5 28. R1e2 Kf6 29. R5e3 b4 30. Rd2 Bb5 31. Bd1 Bf1 32. g3 Rc5 33. Rd4 Rxa5 34. Rxb4 Rd5 35. Kc1 a5 36. Rh4 e5 37. Rxh7 e4 38. Rh6+ Ke5 39. Rb6 Rc7 40. h4 f4 41. gxf4+ Kxf4 42. Rf6+ Ke5 43. Rh6 f5 44. Rh8 Bb5 45. h5 f4 46. Re1 a4 47. bxa4 Bxa4 48. h6 Rdc5 49. h7 Re7 50. Ra8 Rxh7 51. Rxa4 e3 52. fxe3 fxe3 53. Rxe3+ Kf5 54. Be2 Rh2 55. Bd3+ Kg5 56. Rg3+ Kf6 57. Rg6+ 1-0

[Event "TUR-chT"]
[Site "Konya"]
[Date "2012.07.21"]
[Round "12"]
[White "Ertan, Can"]
[Black "Sirin, Atakan"]
[Result "1/2-1/2"]
[WhiteElo "2256"]
[BlackElo "2255"]
[PlyCount "106"]
[EventDate "2012.07.11"]
[EventType "team-tourn"]
[EventRounds "13"]
[EventCountry "TUR"]
[SourceTitle "CBM 149 Extra"]
[Source "ChessBase"]
[SourceDate "2012.08.24"]
[SourceVersion "1"]
[SourceVersionDate "2012.08.24"]
[SourceQuality "1"]
[WhiteTeam "Ceyhan Belediye"]
[BlackTeam "Manisa TS Alyans"]
[WhiteTeamCountry "TUR"]
[BlackTeamCountry "TUR"]

1. e4 c5 2. Nf3 g6 3. Bc4 Bg7 4. 0-0 d6 5. c3 Nf6 6. Re1 Ng8 7. Rf1 Nf6 8. Re1 0-0 9. d3 Nc6 10. Bb5 Bd7 11. Ba4 Qa5 12. Bb3 e5 13. Bg5 h6 14. Bxf6 Bxf6 15. Nbd2 b5 16. a4 Rab8 17. axb5 Qxb5 18. Qc2 Rfc8 19. Ra2 Qb6 20. Rea1 Qc7 21. Bd5 Rb7 22. Nc4 Rcb8 23. Ra6 Be7 24. R1a2 Bd8 25. h3 Kg7 26. Qe2 Bf6 27. Nh2 h5 28. Qf3 Rb5 29. g4 Ne7 30. Rxa7 Qd8 31. R2a6 Rxb2 32. Rxd6 Rb1+ 33. Nf1 Nxd5 34. Raxd7 Qxd7 35. Rxd7 Nf4 36. Ncd2 Re1 37. g5 Bxg5 38. Kh2 Rb2 39. d4 Bh4 40. dxe5 Rxf1 41. e6 Rxf2+ 42. Qxf2 Bxf2 43. e7 Be3 44. e8Q Bxd2 45. Rxf7+ Kh6 46. Qh8+ Kg5 47. Qd8+ Kh6 48. Qf8+ Kg5 49. Kg3 Be1+ 50. Kf3 Rf2+ 51. Ke3 Re2+ 52. Kf3 Rf2+ 53. Ke3 Re2+ 1/2-1/2

[Event "TUR-chT"]
[Site "Konya"]
[Date "2012.07.20"]
[Round "11"]
[White "Sirin, Atakan"]
[Black "Bayram, Yakup"]
[Result "1/2-1/2"]
[WhiteElo "2255"]
[BlackElo "2281"]
[PlyCount "148"]
[EventDate "2012.07.11"]
[EventType "team-tourn"]
[EventRounds "13"]
[EventCountry "TUR"]
[SourceTitle "CBM 149 Extra"]
[Source "ChessBase"]
[SourceDate "2012.08.24"]
[SourceVersion "1"]
[SourceVersionDate "2012.08.24"]
[SourceQuality "1"]
[WhiteTeam "Manisa TS Alyans"]
[BlackTeam "Tarsus Zeka"]
[WhiteTeamCountry "TUR"]
[BlackTeamCountry "TUR"]

1. d4 Nf6 2. Nc3 c5 3. d5 g6 4. e4 d6 5. Be2 Bg7 6. Nf3 0-0 7. 0-0 Na6 8. Nd2 Nc7 9. a4 b6 10. Re1 Rb8 11. Nc4 a6 12. Bf4 Nd7 13. Bg3 Ne5 14. Na3 g5 15. Qd2 e6 16. Rad1 f5 17. f3 f4 18. Bf2 Nf7 19. dxe6 Nxe6 20. Nc4 Nd4 21. Nd5 Nc6 22. c3 Kh8 23. Kh1 b5 24. axb5 axb5 25. Na3 b4 26. Nb5 bxc3 27. bxc3 Be5 28. Ra1 h5 29. Red1 Rg8 30. Bc4 Rg7 31. Ndc7 Qe7 32. Qd5 Ncd8 33. Ra8 Bb7 34. Qxf7 Bxa8 35. Qxh5+ Rh7 36. Qg6 Nf7 37. Qe6 Qxe6 38. Bxe6 Bc6 39. c4 Bxb5 40. Nxb5 Kg7 41. h3 Nd8 42. Bf5 Rh6 43. Rd5 Nc6 44. Bg4 Ra8 45. Nc7 Ra1+ 46. Kh2 Nd4 47. Bxd4 Bxd4 48. Rxg5+ Rg6 49. Ne6+ Kf7 50. Nxd4 Rxg5 51. Ne2 Ra4 52. Nxf4 Re5 53. h4 Rxc4 54. Kg3 Rc2 55. h5 Kg7 56. Ne6+ Rxe6 57. Bxe6 c4 58. Kh3 c3 59. g4 Rc1 60. Bb3 c2 61. Bxc2 Rxc2 62. g5 Rc1 63. Kg4 Rc4 64. Kf5 Rc5+ 65. Kg4 Re5 66. Kf4 Kf7 67. Kg4 Ra5 68. f4 d5 69. exd5 Rxd5 70. f5 Rd4+ 71. Kg3 Rd5 72. Kg4 Rd4+ 73. Kg3 Ra4 74. h6 Ra1 1/2-1/2

[Event "TUR-chT"]
[Site "Konya"]
[Date "2011.07.07"]
[Round "11"]
[White "Bayram, Yakup"]
[Black "Sirin, Atakan"]
[Result "1-0"]
[WhiteElo "2268"]
[BlackElo "2230"]
[PlyCount "71"]
[EventDate "2011.06.28"]
[EventType "team-swiss"]
[EventRounds "13"]
[EventCountry "TUR"]
[SourceTitle "CBM 143 Extra"]
[Source "ChessBase"]
[SourceDate "2011.08.29"]
[SourceVersion "1"]
[SourceVersionDate "2011.08.29"]
[SourceQuality "1"]
[WhiteTeam "Tarsus Zeka"]
[BlackTeam "Manisa Doruk Koleji"]
[WhiteTeamCountry "TUR"]
[BlackTeamCountry "TUR"]

1. d4 d5 2. c4 e6 3. Nc3 c6 4. e4 dxe4 5. Nxe4 Bb4+ 6. Bd2 Qxd4 7. Bxb4 Qxe4+ 8. Be2 Na6 9. Bc3 f6 10. Nf3 Ne7 11. 0-0 0-0 12. Re1 Qf4 13. b4 Nf5 14. g3 Qc7 15. Bd3 Rd8 16. Qc2 c5 17. b5 Nb4 18. Bxb4 cxb4 19. c5 b6 20. c6 a6 21. Rad1 Ne7 22. Bxh7+ Kf7 23. Bd3 axb5 24. Bxb5 Rxd1 25. Rxd1 Ra3 26. Qh7 Ra5 27. Qc2 Ra8 28. Re1 Ra3 29. Rd1 Ra5 30. Qh7 Kf8 31. Qh5 Bd7 32. cxd7 g6 33. Qh8+ Ng8 34. Nd4 Qc1 35. Kg2 Ra8 36. Nxe6+ 1-0

[Event "TUR-chT"]
[Site "Konya"]
[Date "2011.07.05"]
[Round "9"]
[White "Kanmazalp, Ogulcan"]
[Black "Sirin, Atakan"]
[Result "1/2-1/2"]
[WhiteElo "2404"]
[BlackElo "2230"]
[PlyCount "55"]
[EventDate "2011.06.28"]
[EventType "team-swiss"]
[EventRounds "13"]
[EventCountry "TUR"]
[SourceTitle "CBM 143 Extra"]
[Source "ChessBase"]
[SourceDate "2011.08.29"]
[SourceVersion "1"]
[SourceVersionDate "2011.08.29"]
[SourceQuality "1"]
[WhiteTeam "Yapi Kredi"]
[BlackTeam "Manisa Doruk Koleji"]
[WhiteTeamCountry "TUR"]
[BlackTeamCountry "TUR"]

1. e4 d6 2. d4 Nf6 3. Nc3 c6 4. f4 Qa5 5. e5 Ne4 6. Bd3 Nxc3 7. Qd2 d5 8. bxc3 c5 9. Nf3 c4 10. Be2 g6 11. a4 Bf5 12. 0-0 e6 13. h3 h5 14. Ng5 h4 15. Ba3 Bxa3 16. Rxa3 Nd7 17. Rb1 Rb8 18. Rb5 Qa6 19. Ra2 b6 20. Qc1 Qc8 21. Qa3 a6 22. Rb1 Qd8 23. Bf3 Qe7 24. Qc1 Rb7 25. Rab2 Kd8 26. Ra2 Kc8 27. Qe1 Kb8 28. Qd1 1/2-1/2

[Event "TUR-chT"]
[Site "Konya"]
[Date "2011.07.01"]
[Round "4"]
[White "Ataman, Alper Efe"]
[Black "Sirin, Atakan"]
[Result "0-1"]
[WhiteElo "2188"]
[BlackElo "2230"]
[PlyCount "136"]
[EventDate "2011.06.28"]
[EventType "team-swiss"]
[EventRounds "13"]
[EventCountry "TUR"]
[SourceTitle "CBM 143 Extra"]
[Source "ChessBase"]
[SourceDate "2011.08.29"]
[SourceVersion "1"]
[SourceVersionDate "2011.08.29"]
[SourceQuality "1"]
[WhiteTeam "Istanbul Teknik Uni"]
[BlackTeam "Manisa Doruk Koleji"]
[WhiteTeamCountry "TUR"]
[BlackTeamCountry "TUR"]

1. d4 d5 2. c4 dxc4 3. e4 e5 4. Nf3 exd4 5. Bxc4 Nc6 6. 0-0 Be6 7. Nbd2 Nf6 8. Bxe6 fxe6 9. e5 Nd5 10. Nb3 Qd7 11. Nfxd4 Nxd4 12. Qxd4 Be7 13. Qg4 0-0-0 14. Bg5 h5 15. Qh4 Bxg5 16. Qxg5 Qf7 17. Rad1 Rh6 18. g3 Rg6 19. Qc1 h4 20. Rd3 Qf5 21. Qd2 Qxe5 22. Nc5 b6 23. Re1 Qf5 24. Ne4 Kb8 25. Nc3 hxg3 26. fxg3 Rf6 27. Ne4 Rh6 28. Qg5 Qf8 29. Rf1 Qh8 30. Rd2 Rh5 31. Qg6 Qh6 32. Qxh6 gxh6 33. Nf6 Rg5 34. Re1 Kc8 35. Rxe6 Rg6 36. Rf2 Nb4 37. Re3 Rd1+ 38. Kg2 Nd3 39. Rf5 Rd2+ 40. Kg1 Nxb2 41. Nd5 Rd6 42. Nc3 Nd1 43. Nxd1 Rxd1+ 44. Kf2 R1d2+ 45. Re2 Rxe2+ 46. Kxe2 Re6+ 47. Kf3 c5 48. g4 c4 49. Rf4 b5 50. a4 a6 51. Rf5 Rb6 52. Ke3 Kd7 53. Kd4 Rd6+ 54. Kc5 Rc6+ 55. Kb4 c3 56. axb5 axb5 57. Rf1 c2 58. Rc1 Kd6 59. Kb3 Rc4 60. h3 Ke5 61. h4 Rxg4 62. Rxc2 Kd4 63. Rh2 Ke3 64. Rh3+ Kf2 65. h5 Kg2 66. Rc3 Rg3 67. Rxg3+ Kxg3 68. Kb4 Kg4 0-1

[Event "TUR-chT"]
[Site "Konya"]
[Date "2011.06.28"]
[Round "1"]
[White "Sirin, Atakan"]
[Black "Korkmaz, Necmettin"]
[Result "1-0"]
[WhiteElo "2230"]
[BlackElo "2189"]
[PlyCount "75"]
[EventDate "2011.06.28"]
[EventType "team-swiss"]
[EventRounds "13"]
[EventCountry "TUR"]
[SourceTitle "CBM 143 Extra"]
[Source "ChessBase"]
[SourceDate "2011.08.29"]
[SourceVersion "1"]
[SourceVersionDate "2011.08.29"]
[SourceQuality "1"]
[WhiteTeam "Manisa Doruk Koleji"]
[BlackTeam "Bursa Tophane"]
[WhiteTeamCountry "TUR"]
[BlackTeamCountry "TUR"]

1. d4 d5 2. Nf3 Nf6 3. g3 g6 4. Bg2 Bg7 5. 0-0 c6 6. Nbd2 0-0 7. b3 Bf5 8. Bb2 Na6 9. c4 Nc7 10. Re1 Ne4 11. Nh4 Nxd2 12. Qxd2 Be6 13. cxd5 Nxd5 14. e4 Nc7 15. h3 Qd7 16. Kh2 Rfd8 17. Red1 f6 18. Rac1 Bf7 19. Qb4 b6 20. Qc3 c5 21. dxc5 Qxd1 22. Rxd1 Rxd1 23. cxb6 axb6 24. Qxc7 Rxa2 25. Qc8+ Bf8 26. Qc2 Rd8 27. Bf1 Kg7 28. Bxf6+ exf6 29. Qxa2 Bb4 30. Nf3 Bc5 31. Bc4 Be8 32. Qe2 Bc6 33. Bd5 Be8 34. Qb2 Be7 35. Nd4 Rd6 36. Qc3 Kh6 37. Qc1+ Kg7 38. Ne6+ 1-0

[Event "Dos Hermanas Internet qual-B 10th"]
[Site "ICC INT"]
[Date "2009.03.13"]
[Round "4"]
[White "Sirin, Atakan"]
[Black "Bates, Lee"]
[Result "1-0"]
[WhiteElo "2240"]
[BlackElo "2178"]
[PlyCount "73"]
[EventDate "2009.03.13"]
[EventType "swiss (blitz)"]
[EventRounds "12"]
[EventCountry "ESP"]
[SourceTitle "CBM 129 Extra"]
[Source "ChessBase"]
[SourceDate "2009.05.05"]
[SourceVersion "2"]
[SourceVersionDate "2009.05.20"]
[SourceQuality "1"]

1. d4 Nf6 2. Nf3 d5 3. g3 g6 4. Bg2 Bg7 5. 0-0 0-0 6. c3 c6 7. Nbd2 Nbd7 8. Re1 Re8 9. e4 dxe4 10. Nxe4 Nxe4 11. Rxe4 Nf6 12. Re1 h6 13. Ne5 Bf5 14. Qb3 Be6 15. Qxb7 Bd5 16. Bxd5 Nxd5 17. Nxc6 Qd6 18. Ne5 Bxe5 19. dxe5 Qe6 20. Qb3 Rab8 21. Qa4 Kg7 22. Qxa7 Qh3 23. e6 fxe6 24. Qd4+ Kf7 25. a4 g5 26. a5 Nf6 27. f3 Qf5 28. Qe5 Qxf3 29. Qxe6+ Kg7 30. Rf1 Qa8 31. a6 Qa7+ 32. Be3 Qa8 33. Bd4 Rf8 34. Qxe7+ Rf7 35. Bxf6+ Kg6 36. Qe6 h5 37. Bd4+ 1-0

[Event "Dos Hermanas Internet qual-A 10th"]
[Site "ICC INT"]
[Date "2009.03.13"]
[Round "9"]
[White "Sirin, Atakan"]
[Black "Ehab, Mohamed"]
[Result "1-0"]
[WhiteElo "2240"]
[BlackElo "1886"]
[PlyCount "149"]
[EventDate "2009.03.13"]
[EventType "swiss (blitz)"]
[EventRounds "12"]
[EventCountry "ESP"]
[SourceTitle "CBM 129 Extra"]
[Source "ChessBase"]
[SourceDate "2009.05.05"]
[SourceVersion "2"]
[SourceVersionDate "2009.05.20"]
[SourceQuality "1"]

1. d4 d5 2. Nf3 Nf6 3. g3 c5 4. dxc5 e6 5. Bg2 Bxc5 6. 0-0 Nc6 7. Nbd2 0-0 8. Nb3 Bd6 9. c3 b6 10. a4 Bb7 11. Nfd4 Rc8 12. a5 bxa5 13. Nxc6 Bxc6 14. Nxa5 Ba8 15. Qd3 Bc5 16. Nb3 Bb6 17. h3 Qc7 18. Bg5 Ne4 19. Be3 f5 20. Nd4 Rf6 21. Nb5 Qb8 22. Nxa7 Rcf8 23. Nb5 Bxe3 24. Rxa8 Bxf2+ 25. Rxf2 Qxa8 26. Rf1 Qc6 27. Nd4 Qb6 28. Kh2 Qxb2 29. c4 Qc3 30. cxd5 exd5 31. Nb5 Qxd3 32. exd3 Nc5 33. Bxd5+ Kh8 34. Bc4 f4 35. g4 f3 36. Nd4 Rd6 37. Nxf3 Nxd3 38. Kg3 Nc5 39. Re1 h6 40. Ne5 Rdf6 41. h4 Nd7 42. Nxd7 Rf3+ 43. Kg2 Rf2+ 44. Kg1 R8f4 45. Re8+ Kh7 46. Bd3+ g6 47. Re7+ Kg8 48. Re4 R2f3 49. Rxf4 Rxf4 50. Ne5 Ra4 51. Kf2 Ra1 52. Ke3 Kg7 53. Kd4 Ra2 54. Nf3 Rg2 55. Ke3 Rxg4 56. h5 Rh4 57. Be2 g5 58. Nd4 Rh3+ 59. Ke4 Rh4+ 60. Ke5 Rf4 61. Nf5+ Rxf5+ 62. Kxf5 Kh7 63. Bf3 Kg7 64. Bg4 Kh7 65. Ke5 Kg7 66. Ke6 Kg8 67. Bf5 Kg7 68. Bg4 Kh8 69. Kf6 Kh7 70. Bf5+ Kh8 71. Kg6 Kg8 72. Bg4 Kh8 73. Kxh6 Kg8 74. Kxg5 Kh8 75. Be6 1-0

[Event "Izmir op"]
[Site "Izmir"]
[Date "2009.??.??"]
[Round "9"]
[White "Sirin, Atakan"]
[Black "Sulashvili, Malkhaz"]
[Result "0-1"]
[WhiteElo "2240"]
[BlackElo "2456"]
[PlyCount "152"]
[EventDate "2009.08.20"]
[EventType "swiss"]
[EventRounds "9"]
[EventCountry "TUR"]
[SourceTitle "CBM 131 Extra"]
[Source "ChessBase"]
[SourceDate "2009.09.03"]
[SourceVersion "2"]
[SourceVersionDate "2009.09.16"]
[SourceQuality "1"]

1. d4 d5 2. Nc3 Nf6 3. Bg5 Nbd7 4. Qd3 h6 5. Bxf6 Nxf6 6. e4 e6 7. Nf3 a6 8. 0-0-0 Be7 9. e5 Nd7 10. Qe3 c5 11. Ne2 b5 12. dxc5 Bxc5 13. Ned4 Bb7 14. Kb1 Qe7 15. h4 0-0-0 16. h5 Rhf8 17. g3 Kb8 18. Rh4 Nb6 19. b3 Rc8 20. c3 Rc7 21. Rg4 Rfc8 22. Rc1 Qf8 23. Rf4 Qe7 24. Rg4 Qf8 25. Rf4 Qe8 26. Rc2 Nd7 27. Rg4 Bf8 28. b4 Qd8 29. Nb3 f5 30. Rf4 Be7 31. Nbd4 Nf8 32. Bxb5 axb5 33. Nxb5 Bc6 34. Nxc7 Qxc7 35. b5 Bb7 36. Ra4 Bc5 37. Nd4 Qb6 38. Rb2 Bxd4 39. cxd4 Rc4 40. Rab4 Nd7 41. Qd2 Qd8 42. a4 Nb6 43. Qd1 Qe7 44. Qb3 Qg5 45. Qd1 Rc3 46. R2b3 Rxb3+ 47. Rxb3 Nxa4 48. b6 Bc6 49. Qe1 Qxh5 50. f3 Qf7 51. Qa5 Qd7 52. Kc2 Qb7 53. Qb4 Qc8 54. Kd2 Kb7 55. Qa5 Qa8 56. Qb4 Qd8 57. Ke1 Nxb6 58. Qa5 Qc7 59. Rc3 Nc4 60. Rb3+ Kc8 61. Qa6+ Kd7 62. Kf2 Qa5 63. Qxa5 Nxa5 64. Rb8 Ke7 65. Rg8 Kf7 66. Rc8 Bd7 67. Rc7 Ke7 68. f4 g5 69. fxg5 hxg5 70. Ke3 Nc4+ 71. Kf3 Nd2+ 72. Ke3 Ne4 73. Kf3 Kd8 74. Rb7 Ba4 75. Rb6 Bd1+ 76. Kg2 f4 0-1

[Event "Izmir op 7th"]
[Site "Izmir"]
[Date "2008.08.31"]
[Round "3"]
[White "Sirin, Atakan"]
[Black "Esen, Baris"]
[Result "0-1"]
[WhiteElo "2107"]
[BlackElo "2448"]
[PlyCount "80"]
[EventDate "2008.08.30"]
[EventType "swiss"]
[EventRounds "10"]
[EventCountry "TUR"]
[SourceTitle "CBM 126 Extra"]
[Source "ChessBase"]
[SourceDate "2008.11.05"]
[SourceVersion "1"]
[SourceVersionDate "2008.11.05"]
[SourceQuality "1"]

1. d4 d5 2. Nc3 Nf6 3. Bg5 Nbd7 4. Qd3 g6 5. f3 c6 6. e4 Qa5 7. e5 Ng8 8. h4 Nb6 9. b3 Bf5 10. Qd2 f6 11. Bf4 fxe5 12. Bxe5 Bh6 13. f4 Nf6 14. Bd3 Nbd7 15. Bxf5 Nxe5 16. b4 Nc4 17. bxa5 Nxd2 18. Be6 Nc4 19. g3 Nxa5 20. Nf3 Nc4 21. Kf2 Nd6 22. Ng5 Bg7 23. Bh3 Nfe4+ 24. Ncxe4 Nxe4+ 25. Ke3 c5 26. Rab1 Bxd4+ 27. Kf3 Nd2+ 28. Ke2 Nxb1 29. Rxb1 b6 30. Be6 h6 31. Nf7 Rh7 32. Bxd5 Rc8 33. Ne5 Bxe5 34. fxe5 Rd8 35. Be4 Rg7 36. Rf1 e6 37. Rf6 Ke7 38. g4 Rf8 39. g5 hxg5 40. hxg5 Rgg8 0-1

[Event "Wch U20"]
[Site "Gaziantep"]
[Date "2008.08.15"]
[Round "13"]
[White "Sirin, Atakan"]
[Black "Swiercz, Dariusz"]
[Result "1-0"]
[WhiteElo "2107"]
[BlackElo "2456"]
[PlyCount "107"]
[EventDate "2008.08.03"]
[EventType "swiss"]
[EventRounds "13"]
[EventCountry "TUR"]
[SourceTitle "CBM 125 Extra"]
[Source "ChessBase"]
[SourceDate "2008.09.01"]
[SourceVersion "1"]
[SourceVersionDate "2008.09.01"]
[SourceQuality "1"]

1. d4 Nf6 2. Nc3 d5 3. Bg5 Nbd7 4. Qd3 c5 5. 0-0-0 e6 6. Nf3 cxd4 7. Qxd4 h6 8. Bxf6 Qxf6 9. e4 Qxd4 10. Nxd4 dxe4 11. Ndb5 Kd8 12. Nxe4 a6 13. Nbd6 Bxd6 14. Nxd6 Ke7 15. g3 Rd8 16. Bg2 Nc5 17. Nc4 a5 18. Rxd8 Kxd8 19. Rd1+ Ke7 20. Nb6 Rb8 21. a3 g5 22. Rd4 Nd7 23. Nxc8+ Rxc8 24. Bxb7 Rc7 25. Bf3 f5 26. Be2 Nb6 27. b3 g4 28. Kb2 h5 29. Bb5 Rc8 30. c4 e5 31. Rd2 Ke6 32. Kc3 f4 33. b4 axb4+ 34. axb4 f3 35. Kb3 Rb8 36. Bc6 Na8 37. c5 Nc7 38. Kc4 Kf5 39. Bd7+ Kg5 40. b5 e4 41. b6 Na8 42. Rb2 Kf6 43. Bc6 e3 44. fxe3 Ke5 45. Bxa8 Rxa8 46. b7 Rb8 47. c6 Kd6 48. Kb5 Rf8 49. Rd2+ Ke7 50. c7 f2 51. Rxf2 Rxf2 52. c8Q Rb2+ 53. Kc4 Rc2+ 54. Kd5 1-0

[Event "Wch U20"]
[Site "Gaziantep"]
[Date "2008.08.08"]
[Round "7"]
[White "Narmontas, Matas"]
[Black "Sirin, Atakan"]
[Result "0-1"]
[WhiteElo "2369"]
[BlackElo "2107"]
[PlyCount "156"]
[EventDate "2008.08.03"]
[EventType "swiss"]
[EventRounds "13"]
[EventCountry "TUR"]
[SourceTitle "CBM 125 Extra"]
[Source "ChessBase"]
[SourceDate "2008.09.01"]
[SourceVersion "1"]
[SourceVersionDate "2008.09.01"]
[SourceQuality "1"]

1. e4 c5 2. Nf3 d6 3. d4 cxd4 4. Nxd4 Nf6 5. Nc3 g6 6. Be3 Bg7 7. f3 0-0 8. Qd2 Nc6 9. Bc4 Bd7 10. 0-0-0 Ne5 11. Bb3 Qa5 12. Kb1 Rfc8 13. g4 b5 14. g5 Nh5 15. Ncxb5 Qxd2 16. Rxd2 Rab8 17. Nc3 a5 18. a4 Nc4 19. Bxc4 Rxc4 20. Nce2 Bxa4 21. c3 Bd7 22. Ka1 Bc8 23. Nc2 Ba6 24. Bd4 Ra4+ 25. Kb1 Bxe2 26. Rxe2 Nf4 27. Rd2 Ne6 28. Bxg7 Kxg7 29. h4 Rc4 30. Ka2 h6 31. gxh6+ Kxh6 32. h5 gxh5 33. Ne3 Ra4+ 34. Kb1 Ng7 35. Rg2 Ra3 36. Rhg1 Rxc3 37. Nd1 Rd3 38. Kc2 Rxd1 39. Kxd1 Ne6 40. Kc2 Nd4+ 41. Kb1 Nxf3 42. Rf1 Ne5 43. Rf5 Rb4 44. Rh2 Rxe4 45. Rhxh5+ Kg7 46. Rfg5+ Kf6 47. Rg8 a4 48. Ra8 Nd3 49. Rh3 Nc5 50. Rh5 Ke6 51. Rf8 f6 52. Rh7 Kf5 53. Rff7 e5 54. Rh6 Re1+ 55. Kc2 Ne4 56. Ra7 Re2+ 57. Kc1 Kg5 58. Rh1 Nf2 59. Rg1+ Kf5 60. Rb7 Nd3+ 61. Kb1 Ke6 62. Rg8 f5 63. Rg6+ Kd5 64. Rb6 Kc5 65. Rgxd6 Nb4 66. Kc1 e4 67. Rf6 e3 68. Rxb4 Kxb4 69. Rxf5 Kc4 70. Rf8 Rf2 71. Re8 Kd3 72. Rd8+ Ke2 73. Re8 Rf4 74. Rh8 Rc4+ 75. Kb1 Kd3 76. Rh3 Kd2 77. Rh7 e2 78. Rd7+ Ke3 0-1

[Event "Wch U20"]
[Site "Gaziantep"]
[Date "2008.08.07"]
[Round "6"]
[White "Sirin, Atakan"]
[Black "Pruijssers, Roeland"]
[Result "1/2-1/2"]
[WhiteElo "2107"]
[BlackElo "2452"]
[PlyCount "98"]
[EventDate "2008.08.03"]
[EventType "swiss"]
[EventRounds "13"]
[EventCountry "TUR"]
[SourceTitle "CBM 125 Extra"]
[Source "ChessBase"]
[SourceDate "2008.09.01"]
[SourceVersion "1"]
[SourceVersionDate "2008.09.01"]
[SourceQuality "1"]

1. d4 Nf6 2. Nc3 d5 3. Bg5 c5 4. Bxf6 gxf6 5. e4 dxe4 6. dxc5 Qa5 7. Qh5 Bg7 8. Bb5+ Nc6 9. Nge2 f5 10. a3 0-0 11. 0-0 Be6 12. Qg5 Qc7 13. Nf4 Nd4 14. Nh5 Qe5 15. f4 exf3 16. Rae1 h6 17. Qxe7 Ne2+ 18. Nxe2 fxe2 19. Rxe2 Qxb2 20. Nxg7 Qxg7 21. Rf3 Qa1+ 22. Kf2 Qd4+ 23. Kf1 f4 24. Qh4 Qxc5 25. Bd3 Qg5 26. Rxf4 Kh8 27. Qf2 Rae8 28. Qd4+ f6 29. h4 Qg7 30. Qxa7 Bd5 31. Qf2 Rxe2 32. Bxe2 f5 33. Kg1 Be4 34. Bd3 Bxd3 35. cxd3 Qd7 36. Qb6 Qg7 37. Qf2 Qa1+ 38. Kh2 Qxa3 39. Qd4+ Kh7 40. Qd7+ Kh8 41. Rxf5 Rxf5 42. Qxf5 Qd6+ 43. g3 b6 44. Qe4 Kg7 45. Kg2 h5 46. d4 Qg6 47. Kf3 b5 48. Qxg6+ Kxg6 49. Ke4 b4 1/2-1/2